[Event "AUTO-MASTER-1112"]
[Site "http://www.queenalice.com/game.php?id=773060"]
[Date "2010.5.9"]
[Round "1"]
[White "franchouillard"]
[Black "gauderio"]
[Result "0-1"]
[WhiteElo "2084"]
[BlackElo "2174"]

1. e4 c5 2. c3 g6 3. d4 cxd4 4. cxd4 Bg7 5. Nc3 e6 6. Nf3 Ne7 7. Be2 a6 8. O-O
O-O 9. Be3 d6 10. Rc1 b5 11. a3 Nd7 12. Qd2 f5 13. Bg5 Nb6 14. b4 Bb7 15. exf5
Rxf5 16. Bd3 Rf7 17. Be4 Bxe4 18. Nxe4 Nc4 19. Qa2 a5 20. Qb3 h6 21. Bxe7 Qxe7
22. Ned2 d5 23. Nxc4 dxc4 24. Qc3 axb4 25. axb4 Ra4 26. Rb1 Kh7 27. Rfe1 Qd6 28.
Red1 Ra2 29. Ra1 Rxa1 30. Rxa1 Rd7 31. h3 Bxd4 32. Nxd4 Qxd4 33. Qxd4 Rxd4 34.
Ra7+ Kg8 35. Rc7 Rd1+ 36. Kh2 Rb1 0-1

[Event "AUTO-MASTER-1112"]
[Site "http://www.queenalice.com/game.php?id=773061"]
[Date "2010.5.9"]
[Round "1"]
[White "gauderio"]
[Black "valdiluis"]
[Result "1-0"]
[WhiteElo "2161"]
[BlackElo "1964"]

1. d4 Nf6 2. c4 g6 3. Nc3 Bg7 4. e4 e6 5. e5 Ng8 6. Nf3 Ne7 7. Bf4 O-O 8. Qd2 d6
9. Bd3 Nbc6 10. Bh6 dxe5 11. Bxg7 Kxg7 12. dxe5 Nb4 13. O-O-O Qxd3 14. Qxd3
Nxd3+ 15. Rxd3 b6 16. Rhd1 Ba6 17. Rd7 Rfe8 18. Rxc7 Rac8 19. Rxa7 Bxc4 20. Rdd7
Kf8 21. Ng5 h6 22. Nh7+ Kg7 23. Nf6 Bb5 24. Rxe7 Rxe7 25. Rxe7 Bf1 26. g3 b5 27.
a3 Rc5 28. Re8 Rxe5 29. Nce4 Rxe4 30. Nxe4 f5 31. Nd2 Kf7 32. Rd8 h5 33. Nxf1
1-0

[Event "AUTO-MASTER-1112"]
[Site "http://www.queenalice.com/game.php?id=773062"]
[Date "2010.5.9"]
[Round "1"]
[White "valdiluis"]
[Black "gauderio"]
[Result "0-1"]
[WhiteElo "1954"]
[BlackElo "2155"]

1. c4 e5 2. Nc3 Bb4 3. e4 Nf6 4. d3 O-O 5. Bd2 c6 6. Nf3 Re8 7. h3 d5 8. Be2 d4
9. Nb1 Bxd2+ 10. Nbxd2 Na6 11. O-O Nh5 12. Nxe5 Nf4 13. Nef3 Qf6 14. e5 Qg6 15.
Nh4 Qh6 16. Nhf3 Nxg2 17. Kxg2 Bxh3+ 18. Kg3 Re6 19. Nh4 Bxf1 20. Bxf1 Qg5+ 21.
Qg4 Qxd2 22. Nf5 g6 23. Rd1 Qxb2 24. Bh3 Rf8 25. Qg5 Qe2 26. Nh6+ Kh8 27. Bxe6
fxe6 28. Qd2 Qf3+ 29. Kh2 Rf4 30. Rg1 Rh4# 0-1

[Event "AUTO-ADV-1411"]
[Site "http://www.queenalice.com/game.php?id=781190"]
[Date "2010.5.26"]
[Round "2"]
[White "Bebeto"]
[Black "gauderio"]
[Result "0-1"]
[WhiteElo "1851"]
[BlackElo "2149"]

1. e4 c5 2. Nf3 Nc6 3. Be2 d6 4. O-O Nf6 5. d3 g6 6. c3 Bg7 7. Re1 O-O 8. Be3 a6
9. h3 h6 10. Qd2 Kh7 11. Na3 b5 12. Nc2 Bb7 13. Nh2 e6 14. Rab1 Rc8 15. a3 c4
16. Nd4 Ne5 17. Nhf3 cxd3 18. Bxd3 Nxd3 19. Qxd3 Bxe4 20. Qd1 Bxb1 21. Qxb1 Qe7
22. Bd2 Qb7 23. b4 Rfe8 24. Nh2 d5 25. Nhf3 Ne4 26. Ne2 Nxd2 27. Nxd2 Bxc3 28.
Nxc3 Rxc3 29. Nb3 Qe7 30. Qa1 Rxb3 0-1

[Event "AUTO-ADV-1411"]
[Site "http://www.queenalice.com/game.php?id=781191"]
[Date "2010.5.26"]
[Round "2"]
[White "gauderio"]
[Black "Bebeto"]
[Result "1-0"]
[WhiteElo "2152"]
[BlackElo "1847"]

1. e4 e5 2. Nf3 Nc6 3. Bb5 a6 4. Ba4 Nf6 5. O-O b5 6. Bb3 Be7 7. Re1 O-O 8. c3
d6 9. d4 h6 10. h3 Bb7 11. Nbd2 a5 12. a4 b4 13. d5 Nb8 14. cxb4 axb4 15. Nf1
Nbd7 16. Ng3 Nh7 17. Bd2 Ng5 18. Bxb4 Rb8 19. Bc3 c6 20. Nxg5 Bxg5 21. dxc6 Bxc6
22. Qxd6 Qc8 23. Bd5 Bxd5 24. Qxd5 Bf6 25. a5 Ra8 26. Nf5 Qc5 27. Qxd7 Rfd8 28.
Qa4 Ra6 29. Ne3 Be7 30. Qc4 Qa7 31. Red1 Re8 32. b4 Qa8 33. Nd5 Rc6 34. Nxe7+
Rxe7 35. Rd8+ 1-0

[Event "AUTO-ADV-1411"]
[Site "http://www.queenalice.com/game.php?id=781194"]
[Date "2010.5.26"]
[Round "2"]
[White "Tchecmaurice"]
[Black "gauderio"]
[Result "0-1"]
[WhiteElo "1999"]
[BlackElo "2135"]

1. d4 Nf6 2. c4 e6 3. Nc3 Bb4 4. Bd2 d5 5. a3 Bxc3 6. Bxc3 Nc6 7. Nf3 Bd7 8. e3
Qe7 9. b4 Ne4 10. Qc2 Nxc3 11. Qxc3 dxc4 12. Bxc4 O-O 13. O-O Qd6 14. Bd3 Ne7
15. e4 a6 16. Rfc1 Bc6 17. e5 Qd7 18. Ng5 Nf5 19. Qc2 h6 20. Ne4 Nxd4 21. Qd1
Rfd8 22. Nc5 Qd5 23. Be4 Qxe5 24. Bxc6 Ne2+ 0-1

[Event "AUTO-ADV-1411"]
[Site "http://www.queenalice.com/game.php?id=781195"]
[Date "2010.5.26"]
[Round "2"]
[White "gauderio"]
[Black "Tchecmaurice"]
[Result "1/2-1/2"]
[WhiteElo "2141"]
[BlackElo "1951"]

1. e4 e5 2. Nf3 Nf6 3. d4 Nxe4 4. dxe5 d5 5. exd6 Bxd6 6. Bd3 Nc5 7. O-O O-O 8.
Bc4 Be6 9. Bxe6 Nxe6 10. Nc3 Nc6 11. Ne4 Qd7 12. c3 Rad8 13. Nxd6 Qxd6 14. Be3
a6 15. Qc2 Ne5 16. Nxe5 Qxe5 17. Rae1 Qd5 18. a3 Qd3 19. Qxd3 Rxd3 20. Rd1 Rfd8
21. Rxd3 Rxd3 22. h4 h6 23. g3 b6 1/2-1/2

[Event "AUTO-ADV-1411"]
[Site "http://www.queenalice.com/game.php?id=781198"]
[Date "2010.5.26"]
[Round "2"]
[White "gauderio"]
[Black "FuriousFreddy"]
[Result "1-0"]
[WhiteElo "2143"]
[BlackElo "1939"]

1. d4 Nf6 2. c4 e6 3. Nf3 Bb4+ 4. Bd2 Qe7 5. g3 d5 6. Bg2 O-O 7. O-O c6 8. Bf4
Bd6 9. Bxd6 Qxd6 10. Nbd2 Nbd7 11. Qc2 e5 12. e4 dxe4 13. Nxe4 Nxe4 14. Qxe4
exd4 15. Qxd4 Qxd4 16. Nxd4 Nc5 17. Rfd1 Bg4 18. Rd2 Rad8 19. f3 Bc8 20. Rad1 a6
21. Nxc6 Rxd2 22. Ne7+ 1-0

[Event "AUTO-ADV-1411"]
[Site "http://www.queenalice.com/game.php?id=781199"]
[Date "2010.5.26"]
[Round "2"]
[White "FuriousFreddy"]
[Black "gauderio"]
[Result "0-1"]
[WhiteElo "1948"]
[BlackElo "2135"]

1. e4 c5 2. Nf3 d6 3. Bb5+ Nc6 4. c3 Bd7 5. d4 cxd4 6. cxd4 g6 7. Nc3 Bg7 8. O-O
a6 9. Be2 e6 10. d5 Nce7 11. Nd4 e5 12. Nc2 Nh6 13. Be3 O-O 14. Rc1 f5 15. f3
Kh8 16. Na4 Bxa4 0-1

[Event "QA-ANNIV-06"]
[Site "http://www.queenalice.com/game.php?id=837028"]
[Date "2010.9.23"]
[Round "2"]
[White "insomnia69"]
[Black "gauderio"]
[Result "1/2-1/2"]
[WhiteElo "2409"]
[BlackElo "2167"]

1. d4 Nf6 2. c4 e6 3. Nc3 Bb4 4. Nf3 O-O 5. Bg5 d6 6. e3 Nbd7 7. Rc1 h6 8. Bh4
e5 9. Be2 Qe7 10. O-O Bxc3 11. Rxc3 b6 12. Nd2 Bb7 13. d5 g5 14. Bg3 Nc5 15. f3
a5 16. Bf2 Rae8 17. e4 Ra8 18. b3 Nh5 19. g3 Nf6 20. a3 Bc8 21. b4 Nb7 22. Qc2
Bd7 23. c5 axb4 24. axb4 dxc5 25. bxc5 Ba4 26. Qc1 bxc5 27. Ra3 Bd7 28. Qb2 Rxa3
29. Qxa3 Ne8 30. Rb1 Ned6 31. Qa7 Bc8 32. Ba6 c4 33. Bxc4 Qd7 34. Ba6 Nd8 35.
Bxc8 Nxc8 36. Qa8 Nd6 37. Rb8 Qe7 38. Qa7 f6 39. Bc5 N8f7 40. Rb6 Rc8 41. Rc6
Qd8 42. Kf2 Ne8 43. Bb4 Rb8 44. Qc5 Nfd6 45. Ba5 Nb7 46. Qc3 Nxa5 47. Qxa5 Ra8
48. Ra6 Rxa6 49. Qxa6 Nd6 50. Qa7 h5 51. Nb3 f5 52. Nc5 fxe4 53. Nxe4 Nxe4+ 54.
fxe4 g4 55. Ke2 1/2-1/2

[Event "AUTO-MASTER-1112"]
[Site "http://www.queenalice.com/game.php?id=876438"]
[Date "2010.12.25"]
[Round "2"]
[White "Ribar"]
[Black "gauderio"]
[Result "0-1"]
[WhiteElo "2002"]
[BlackElo "2190"]

1. c4 e5 2. Nc3 Nf6 3. Nf3 Nc6 4. g3 d5 5. cxd5 Nxd5 6. d3 Be7 7. Bg2 Be6 8. Bd2
O-O 9. O-O f5 10. Nxd5 Bxd5 11. Bc3 Qd6 12. a3 Rad8 13. Rc1 a6 14. Qc2 Qe6 15.
b4 Bf6 16. Qb2 Rd7 17. Rfe1 e4 18. dxe4 fxe4 19. Nd4 Nxd4 20. Bxd4 e3 21. fxe3
Bxd4 22. exd4 Qe3+ 23. Kh1 Bxg2+ 24. Kxg2 Rf2+ 0-1

[Event "AUTO-MASTER-1112"]
[Site "http://www.queenalice.com/game.php?id=876439"]
[Date "2010.12.25"]
[Round "2"]
[White "gauderio"]
[Black "Ribar"]
[Result "1-0"]
[WhiteElo "2196"]
[BlackElo "1972"]

1. d4 Nf6 2. c4 c5 3. d5 b5 4. cxb5 a6 5. bxa6 Bxa6 6. e4 d6 7. Nc3 g6 8. Nf3
Bg7 9. g3 Bxf1 10. Kxf1 O-O 11. Kg2 Qb6 12. Qe2 Nbd7 13. a4 e6 14. dxe6 fxe6 15.
Rd1 Qc6 16. Ng5 d5 17. exd5 exd5 18. Qe6+ Qxe6 19. Nxe6 Rfc8 20. Nxd5 Nxd5 21.
Rxd5 Ra7 22. Nxg7 Kxg7 23. b3 c4 24. Be3 Rb7 25. bxc4 Rxc4 26. a5 Rcc7 27. a6
Rb8 28. a7 Ra8 29. Rb5 Kf7 30. h4 Ke7 31. Ra6 Kd8 32. Rd5 Kc8 33. h5 Nf6 34.
Rxf6 1-0

[Event "AUTO-MASTER-1112"]
[Site "http://www.queenalice.com/game.php?id=876440"]
[Date "2010.12.25"]
[Round "2"]
[White "GEORGESILVA"]
[Black "gauderio"]
[Result "0-1"]
[WhiteElo "2225"]
[BlackElo "2201"]

1. e4 c5 2. Nf3 d6 3. d4 cxd4 4. Nxd4 Nf6 5. Nc3 a6 6. Be2 e5 7. Nb3 Be6 8. O-O
Be7 9. Be3 Nbd7 10. f4 Qc7 11. f5 Bc4 12. g4 Bxe2 13. Qxe2 h6 14. a4 Rc8 15. a5
d5 16. exd5 Bb4 17. Rfd1 Bxc3 18. bxc3 Qc4 19. Qxc4 Rxc4 20. h3 Rxc3 21. Bd2
Rxh3 22. Bb4 Rg3+ 23. Kh2 Rxg4 24. c4 Rh4+ 25. Kg3 Rxc4 26. Rac1 b5 27. axb6
Nxb6 28. Ba5 Rxc1 29. Rxc1 O-O 30. d6 Nc8 31. Rc6 Nxd6 32. Nd2 Nxf5+ 33. Kf2 Ra8
34. Nc4 Ng4+ 35. Kf3 Nd4+ 0-1

[Event "AUTO-MASTER-1112"]
[Site "http://www.queenalice.com/game.php?id=876441"]
[Date "2010.12.25"]
[Round "2"]
[White "gauderio"]
[Black "GEORGESILVA"]
[Result "1-0"]
[WhiteElo "2227"]
[BlackElo "2205"]

1. d4 f5 2. c4 Nf6 3. Nc3 e6 4. Bg5 Be7 5. e3 O-O 6. Bd3 d5 7. Rc1 c6 8. Nf3
Nbd7 9. O-O Ne4 10. Bxe7 Qxe7 11. Ne2 g5 12. Bxe4 fxe4 13. Nd2 Nf6 14. f3 e5 15.
cxd5 exd4 16. dxc6 exf3 17. Qb3+ Kg7 18. Nxd4 fxg2 19. Rf2 bxc6 20. Nxc6 Qb7 21.
Rxg2 Qxb3 22. Nxb3 Ne4 23. Nc5 Bf5 24. Nxe4 Bxe4 25. Rxg5+ Kh6 26. Rg3 Rg8 27.
Rc3 Rxg3+ 28. hxg3 Kg6 29. Rc4 Bxc6 30. Rxc6+ Kf5 31. Rc7 h5 32. a3 a6 33. b4
Ke4 34. Kf2 Rf8+ 35. Ke2 Rg8 36. Rc4+ Kf5 37. Rc5+ Kg4 38. Kf2 Rf8+ 39. Kg2 Re8
40. Rc4+ Kg5 41. Kf3 Rf8+ 42. Rf4 Rd8 43. a4 Rd3 44. Rd4 Ra3 45. b5 axb5 46.
axb5 Rb3 47. Rd5+ Kg6 48. Ke4 Rb4+ 49. Ke5 Kg5 50. Kd6+ Kg4 51. Kc6 Kxg3 52.
Rxh5 Kf3 53. Re5 Rc4+ 54. Rc5 Rb4 55. b6 Kxe3 56. b7 Kd4 57. Rb5 1-0

[Event "QA-ANNIV-06"]
[Site "http://www.queenalice.com/game.php?id=885034"]
[Date "2011.1.12"]
[Round "3"]
[White "gauderio"]
[Black "ichtus"]
[Result "1-0"]
[WhiteElo "2214"]
[BlackElo "2263"]

1. e4 c5 2. Nf3 d6 3. d4 cxd4 4. Nxd4 Nf6 5. Nc3 a6 6. h3 e6 7. g4 d5 8. exd5
Nxd5 9. Nde2 Bb4 10. Bd2 Nxc3 11. Nxc3 Nc6 12. Bg2 O-O 13. a3 Ba5 14. Qe2 Bd7
15. O-O-O Rc8 16. Kb1 Nd4 17. Qd3 Bc6 18. Be4 Bxe4 19. Nxe4 e5 20. f4 Bxd2 21.
Rxd2 Nc6 22. Nd6 Rc7 23. fxe5 Nxe5 24. Qg3 Qe7 25. Re1 f6 26. g5 Kh8 27. gxf6
gxf6 28. Qe3 b5 29. Rd5 Rb8 30. Ne4 b4 31. Nxf6 Qxf6 32. Rxe5 bxa3 33. Qxa3 Qc6
34. Qd3 Rcb7 35. Qd4 Rxb2+ 36. Ka1 1-0

[Event "Peleia"]
[Site "http://www.queenalice.com/game.php?id=909382"]
[Date "2011.3.6"]
[Round "-"]
[White "jizaias"]
[Black "gauderio"]
[Result "1-0"]
[WhiteElo "2257"]
[BlackElo "2232"]

1. e4 c5 2. Nf3 d6 3. d4 cxd4 4. Nxd4 Nf6 5. Nc3 a6 6. Be2 e5 7. Nb3 Be7 8. O-O
O-O 9. a4 Be6 10. f4 Qb6+ 11. Kh1 Nbd7 12. Nd5 Bxd5 13. exd5 exf4 14. Bxf4 Ne5
15. Re1 Qc7 16. c3 Rfe8 17. Qd4 Nfd7 18. Nd2 Bf6 19. Ne4 Ng6 20. Nxf6+ Nxf6 21.
Bg5 Ne4 22. Be3 Re5 23. Bd3 Rae8 24. c4 Qd7 25. h3 Ng5 26. Bf1 f5 27. b3 f4 28.
Bf2 f3 29. g4 Re4 30. Rxe4 Rxe4 31. Qb6 Nf4 32. h4 h6 33. hxg5 Qxg4 34. Qd8+ Kh7
35. g6+ Qxg6 36. Qh4 Nd3 37. Qh2 Nxf2+ 38. Qxf2 Qh5+ 39. Kg1 Rg4+ 40. Bg2 1-0

[Event "QA-ANNIV-06"]
[Site "http://www.queenalice.com/game.php?id=924382"]
[Date "2011.4.10"]
[Round "4"]
[White "KirumbaKizumba"]
[Black "gauderio"]
[Result "1-0"]
[WhiteElo "2437"]
[BlackElo "2238"]

1. Nf3 d5 2. g3 c6 3. Bg2 Bg4 4. O-O Nd7 5. b3 e5 6. Bb2 Bd6 7. c4 Ngf6 8. d4
Bxf3 9. exf3 O-O 10. cxd5 Nxd5 11. dxe5 Bxe5 12. Bxe5 Nxe5 13. f4 Ng6 14. Na3
Re8 15. Re1 Qf6 16. Nc4 Rad8 17. Rc1 Nc3 18. Qd2 Rxe1+ 19. Qxe1 Nb5 20. Qa5 Nf8
21. Re1 Ne6 22. Ne5 h6 23. h4 g6 24. Bf1 b6 25. Qa4 Nc5 26. Qc4 Kg7 27. Nxc6
Qxc6 28. Qxb5 Qxb5 29. Bxb5 a6 30. Bf1 Rd2 31. b4 Nd3 32. Re7 a5 33. Rd7 Ne5 34.
Rxd2 Nf3+ 35. Kg2 Nxd2 36. bxa5 bxa5 37. f3 a4 38. Kf2 a3 39. Bd3 Nb3 40. Ke3
Kf8 41. Bc4 Nc5 42. Kd4 Nd7 43. Kc3 Nf6 44. g4 h5 45. g5 Ne8 46. Kb4 Nd6 47. Bd3
Ke7 48. Kxa3 Nb7 49. f5 gxf5 50. Bxf5 Nd8 51. Be4 Ne6 52. Kb4 Kd6 53. a4 Kc7 54.
Bd5 Nd4 55. Kc5 Nf5 56. Bxf7 1-0

[Event "AUTO-MASTER-1676"]
[Site "http://www.queenalice.com/game.php?id=1073196"]
[Date "2012.6.17"]
[Round "1"]
[White "vincentlennon"]
[Black "gauderio"]
[Result "1-0"]
[WhiteElo "1994"]
[BlackElo "2169"]

1. e4 c5 2. f4 Nc6 3. Nf3 g6 4. Bc4 Bg7 5. O-O e6 6. Nc3 Nge7 7. a3 d6 8. d3 O-O
9. Be3 a6 10. a4 d5 11. exd5 exd5 12. Nxd5 Nxd5 13. Bxd5 Qxd5 14. c3 Bf5 15. d4
Rfe8 16. Qd2 cxd4 17. Bxd4 Nxd4 18. Nxd4 Rad8 19. Rad1 Re4 20. Nf3 Qxd2 21. Rxd2
Rxd2 22. Nxd2 1-0

[Event "AUTO-MASTER-1676"]
[Site "http://www.queenalice.com/game.php?id=1073197"]
[Date "2012.6.17"]
[Round "1"]
[White "gauderio"]
[Black "vincentlennon"]
[Result "0-1"]
[WhiteElo "2152"]
[BlackElo "2017"]

1. d4 d5 2. c4 c6 3. Nf3 Nf6 4. e3 Bf5 5. cxd5 cxd5 6. Nc3 Nc6 7. Qb3 Na5 8.
Qa4+ Bd7 9. Qd1 e6 10. Ne5 Bd6 11. f4 Rc8 12. Bd3 Nc4 13. O-O h6 14. Qe2 Bc6 15.
Nxc6 Rxc6 16. b3 Na3 0-1

[Event "AUTO-MASTER-1676"]
[Site "http://www.queenalice.com/game.php?id=1073210"]
[Date "2012.6.17"]
[Round "1"]
[White "gauderio"]
[Black "roberval"]
[Result "0-1"]
[WhiteElo "2126"]
[BlackElo "2206"]

1. e4 d5 2. exd5 Qxd5 3. Nc3 Qa5 4. d4 Nf6 5. Bd2 c6 6. Nf3 Bg4 7. h3 Bh5 8. g4
Bg6 9. Bc4 e6 10. Nd5 Qd8 11. Nxf6+ gxf6 12. c3 Bd6 13. Qe2 Nd7 14. Nh4 Qe7 0-1

[Event "AUTO-MASTER-1676"]
[Site "http://www.queenalice.com/game.php?id=1073211"]
[Date "2012.6.17"]
[Round "1"]
[White "roberval"]
[Black "gauderio"]
[Result "1-0"]
[WhiteElo "2196"]
[BlackElo "2136"]

1. e4 c5 2. Nc3 Nc6 3. g3 g6 4. Bg2 Bg7 5. d3 d6 6. f4 e6 7. Nf3 Nge7 8. O-O O-O
9. Be3 Nd4 10. Qd2 Nxf3+ 11. Bxf3 Qb6 12. Rab1 a5 13. Ne2 Bd7 14. c4 1-0

[Event "AUTO-MASTER-1676"]
[Site "http://www.queenalice.com/game.php?id=1073212"]
[Date "2012.6.17"]
[Round "1"]
[White "gauderio"]
[Black "noB"]
[Result "0-1"]
[WhiteElo "2200"]
[BlackElo "2062"]

1. e4 e5 2. Nf3 Nf6 3. Nxe5 d6 4. Nf3 Nxe4 5. Nc3 Nxc3 6. dxc3 Be7 7. Bc4 O-O 8.
O-O Bg4 9. Bf4 c6 10. Re1 Bxf3 0-1

[Event "AUTO-MASTER-1676"]
[Site "http://www.queenalice.com/game.php?id=1073213"]
[Date "2012.6.17"]
[Round "1"]
[White "noB"]
[Black "gauderio"]
[Result "1-0"]
[WhiteElo "2084"]
[BlackElo "2184"]

1. e4 c5 2. Nf3 Nc6 3. d4 cxd4 4. Nxd4 Nf6 5. Nxc6 bxc6 6. Nc3 e5 7. a3 Bc5 8.
Bd3 O-O 9. O-O d5 10. Bg5 Be6 11. Kh1 1-0